000 00701nam a2200289Ia 4500
005 20260324130745.0
008 008 260324s9999 xx 000 0 eng d
020 _a9780203936498
037 _aEBOOK
040 _aCRL
040 _beng
040 _cCRL
041 _2eng
041 _aeng
084 _qCRL
100 _aJulie L. Andsager; H. Allen White
_91182977
245 0 _aSelf Versus Others
245 0 _bMedia, Messages, and the Third-Person Effect
260 _bTaylor and Francis
260 _c2007
365 _a
365 _b230
856 _uhttp://www.taylorfrancis.com/books/9780203936498
942 _cEBOOK
999 _c1779437
_d1779437